Umelá inteligencia a jej aplikácia v rozhodovacom procese

Pojem umelá inteligencia. Moderný prístup k umelej inteligencii. Znalostné ponímanie umelej inteligencie. Umelá inteligencia ako počítačovo orientovaná veda. Systémové inžinierstvo. Heuristické a ostatné metódy rozhodovania.

Guardado en:
Detalles Bibliográficos
Autor principal: Alexy, Július, 1926-2024
Otros Autores: Alexy, Martin, 1976-
Formato: Capítulo de libro
Lenguaje:eslovaco
Materias:
Etiquetas: Agregar Etiqueta
Sin Etiquetas, Sea el primero en etiquetar este registro!

MARC

LEADER 00000naa a2200000 4500
001 0180497
005 20240502073057.7
041 0 |a slo 
044 |a SK 
245 1 0 |a Umelá inteligencia a jej aplikácia v rozhodovacom procese  |c Július Alexy, Martin Alexy 
520 |a Pojem umelá inteligencia. Moderný prístup k umelej inteligencii. Znalostné ponímanie umelej inteligencie. Umelá inteligencia ako počítačovo orientovaná veda. Systémové inžinierstvo. Heuristické a ostatné metódy rozhodovania. 
610 2 0 |a inteligencia umelá 
610 2 0 |a procesy rozhodovacie 
610 2 0 |a inžinierstvo systémové 
610 2 0 |a programy počítačové 
100 1 |a Alexy, Július, 1926-2024 
700 1 |a Alexy, Martin, 1976-